000 00816nam a2200241Ia 4500
003 GCL
008 140319s9999 xx 000 0 ara d
040 _aGCL /
_cGCL
082 0 4 _a193
_bأ هـ
100 1 _aامام عبدالفتاح امام
245 1 0 _aهيجل : مج2 فلسفة هيجل :
_bهيجل والديمقراطية /
_cامام عبدالفتاح امام
700 1 _aستيس، ولتر
700 1 _aميشيل متياس
250 _aالاولى
260 _aالقاهرة :
_bمكتبة مدبولى ،
_c1996
300 _a983 ص ؛
_c24 سم
490 _aالمكتبة الهيجلية : الدراسات
_v2
650 0 4 _aالفلسفة
650 0 4 _aالفلسفة الحديثة
650 0 4 _aهيجل
650 0 4 _aالفلسفة الغربية
942 _2ddc
_cBK
999 _c48103
_d48103